000 00392nam a2200157Ia 4500
008 230312s9999||||xx |||||||||||||| ||und||
020 _a0-07-067725-8
082 _a615.1
_bKAT-B
100 _aKatzung,Bertram.G
245 0 _aBasic and Clinical Pharmacology
260 _bTata McGraw Hill
_aIndia
_c2009
300 _a1218
546 _aEng.
650 _aMedical
_vPharmacology
942 _cBK
999 _c5289
_d5289